[Event "Stay Safe Play From Home 340"]
[Site "Emanuel Lasker Arena"]
[Date "2020.07.29"]
[Round "1"]
[White "AChessPlayer"]
[Black "Padmaesh M K"]
[Result "1-0"]
[WhiteElo "2354"]
[BlackElo "1711"]
[Annotator "TA"]
[PlyCount "105"]
[EventDate "2020.07.29"]
[EventType "swiss (blitz)"]

{[%evp 9,105,26,45,45,52,50,105,75,77,74,69,69,86,82,77,82,95,102,130,65,59,50,198,214,299,313,360,350,616,614,608,588,902,910,904,900,898,895,965,948,993,970,2150,2035,2877,2341,5094,4827,29974,29975,29979,29980,29980,29981,29981,29982,29982,29983,29983,29984,29984,29984,29985,29985,29985,29986,29992,29992,29994,29995,29995,29991,29994,29992,29992,29991,29994,29994,29994,29993,29995,29996,29996,29996,29996,29995,29995,29994,29994,29995,29995,29996,29996,29996,29996,29997,29997,5514]} 1. Nf3 d5 2. g3 Nf6 3. Bg2 Bd7 4. O-O e6 5. d3 Bc6 {[#]} 6. Ne5 $146 {A07: Réti Opening: New York and Capablanca Systems.} ({Predecessor:} 6. Nbd2 Nbd7 7. Qe1 Bd6 8. Kh1 O-O 9. Nh4 Re8 10. e4 Re7 11. f4 e5 12. Nf5 {1-0 (22) Pirozzi,D-Caniza Villalba,J Bento Goncalves 2000}) 6... Bd6 7. Nxc6 bxc6 ({Black should play} 7... Nxc6 $14 8. c4 dxc4) 8. b3 {White is better.} O-O 9. Bb2 Nbd7 10. c4 e5 11. Nc3 {[%cal Rc4d5]} Nb6 12. Qc2 Qe7 13. Rac1 Rad8 14. c5 (14. cxd5 $16 cxd5 15. Nb5) 14... Bxc5 $14 15. Nxd5 {[%mdl 64] [#] Discovered Attack} cxd5 {This costs Black the game.} (15... Bxf2+ $1 $14 16. Rxf2 cxd5) 16. Qxc5 $18 Qxc5 17. Rxc5 Rd7 18. Rfc1 Rc8 $2 (18... Re8 19. Bh3 Rde7) 19. Bh3 {[%mdl 64] Skewer} c6 20. Bxe5 Kf8 21. Bxf6 gxf6 22. Bxd7 Nxd7 23. Rxc6 Rxc6 24. Rxc6 {[%mdl 4096] Endgame KR-KN} Nb6 25. a4 Ke7 26. Rc7+ Nd7 27. Rxa7 Kd6 28. a5 Kc6 29. a6 {White mates.} Nc5 30. Rxf7 Nxa6 31. Rxf6+ Kb7 {[#]} 32. Rxa6 $1 Kxa6 {KP-KP} 33. f4 Kb6 34. f5 Kc6 35. b4 Kd7 36. b5 Ke7 37. b6 d4 38. b7 Kf6 39. b8=Q Kxf5 40. Qf4+ Kg6 41. Qxd4 h5 42. Qh4 Kh6 43. Kf2 Kg6 44. Kf3 Kh6 45. Kf4 Kg6 46. Qg5+ Kf7 47. Qxh5+ Ke7 48. Qg6 Kd7 49. Ke5 Kc7 50. Qd6+ Kb7 51. Qc5 Kb8 52. Kd6 Ka8 53. Qb4 {Accuracy: White = 82%, Black = 28%.} 1-0

[Event "Stay Safe Play From Home 340"]
[Site "Emanuel Lasker Arena"]
[Date "2020.07.29"]
[Round "1"]
[White "Lamborghini"]
[Black "Trotsky"]
[Result "1-0"]
[WhiteElo "2267"]
[BlackElo "1575"]
[Annotator "TA"]
[PlyCount "35"]
[EventDate "2020.07.29"]
[EventType "swiss (blitz)"]

{[%evp 10,35,69,59,56,25,17,22,39,24,66,-71,108,104,119,41,135,55,49,35,897,923,1018,968,898,509,2175,1958]} 1. e4 c5 2. Nf3 e6 3. d4 d5 4. exd5 exd5 5. Bb5+ Nc6 6. O-O Be6 {C01: French: Exchange Variation.} 7. Ne5 {[#]} Qc7 $146 ({Predecessor:} 7... Qb6 8. Qe2 Nf6 9. Bg5 Be7 10. Nc3 O-O 11. Bxc6 bxc6 12. Bxf6 Bxf6 13. Na4 Qb4 14. Nxc5 Qxd4 15. Nxe6 fxe6 16. Nxc6 {0-1 (24) Gibson,C-Chui,B ICCF email 2013}) 8. c4 Nf6 {The position is equal.} 9. Bg5 Bd6 10. cxd5 (10. Bxf6 $14 {keeps the upper hand.} gxf6 11. cxd5 Bxd5 12. Nc3 Bxg2 13. Kxg2 fxe5 14. d5 {[%mdl 64] Pin}) 10... Bxd5 $2 (10... Nxd5 $17 {and life is bright.} 11. Nf3 h6) 11. Nc3 $36 {[%mdl 2048] [#] aiming for Bxf6. White is really pushing.} Be6 12. Re1 (12. Bxf6 $16 gxf6 13. Nxc6 bxc6 14. Qf3 {[%mdl 64] Remove Defender, Decoy}) 12... O-O-O (12... cxd4 $14 13. Bxc6+ bxc6 14. Qxd4 O-O-O) 13. Nxc6 ({Only move:} 13. Bxc6 $1 $16 {Strongly threatening Nb5.} bxc6 14. Nf3) 13... bxc6 14. Ba6+ Kd7 $2 {[%mdl 8192] This costs Black the game.} (14... Kb8 $14) 15. dxc5 $18 {[%mdl 64] [#] Pin. White is clearly winning.} Ke8 16. cxd6 Rxd6 17. Bf4 Ng4 (17... Rxd1 $142 18. Bxc7 Rxa1 19. Rxa1 Nd5 20. Nxd5 Bxd5) 18. Qxg4 {Accuracy: White = 37%, Black = 29%.} 1-0

[Event "Stay Safe Play From Home 340"]
[Site "Emanuel Lasker Arena"]
[Date "2020.07.29"]
[Round "1"]
[White "buzaglo"]
[Black "Mepe_Nika"]
[Result "0-1"]
[WhiteElo "1853"]
[BlackElo "2444"]
[Annotator "TA"]
[PlyCount "78"]
[EventDate "2020.07.29"]
[EventType "swiss (blitz)"]

{[%evp 9,78,6,4,-10,0,-30,-34,-46,-44,-53,-6,-25,-9,-19,-13,-32,-8,-6,-18,-19,0,-7,-11,-42,0,-85,-33,-50,-19,-22,-16,-39,105,-12,-38,-14,-24,-25,-20,-189,-230,-298,-301,-320,-295,-330,-331,-373,-333,-350,-349,-438,-456,-445,-434,-474,-404,-775,-759,-1154,-1146,-1139,-1112,-29976,-29976,-29989,-29990,-29989,-29988,-29992,-29993]} 1. d4 d5 2. Nf3 Nf6 3. g3 Bf5 4. Bg2 e6 5. O-O Be7 6. Nh4 {D02: 1 d4 d5 2 Nf3 sidelines, including 2...Nf6 3 g3 and 2...Nf6 3 Bf4.} Be4 {[#]} 7. Bxe4 $146 ({Predecessor:} 7. f3 Bg6 8. Nxg6 hxg6 9. Be3 Nbd7 10. Nd2 c5 11. c3 O-O 12. Bf2 cxd4 13. cxd4 Rc8 {0-1 (33) Pill,B (1985)-Kakoschke,D (1909) Pinneberg 2019}) 7... Nxe4 8. Ng2 {Black is slightly better.} h5 9. h4 O-O 10. Nd2 Nxd2 11. Bxd2 Nd7 {[%cal Bb8d7,Bd7f6,Bf6e4][%mdl 32]} 12. c4 c6 13. cxd5 exd5 14. Rc1 Bd6 15. Qc2 Re8 16. Rfe1 Nf6 17. Qf5 (17. Bg5 $11 {remains equal.}) 17... g6 ({Black should play} 17... Re4 $17) 18. Qg5 Ne4 19. Qxd8 Raxd8 20. Be3 Nxg3 (20... f6 $15) 21. Bg5 ({White has to play} 21. fxg3 $16 Bxg3 22. Bf2) 21... Nxe2+ $11 {[#]} 22. Rxe2 $1 {[%mdl 512]} Rxe2 23. Bxd8 Rxb2 24. Ba5 $2 {Now White is beyond hope.} (24. Ne1 $11) 24... Rxa2 $19 25. Be1 a5 26. Ne3 a4 27. Nc2 a3 28. Na1 Re2 29. Kf1 Re4 30. Bc3 Rxh4 {[#] White must now prevent ...Rh1+.} 31. Ke2 b5 {[%cal Bb7b5,Bb5b4][%mdl 32]} 32. Nb3 b4 33. Be1 (33. Bd2 $142 Rh3 34. Be3) 33... Rh3 34. Na1 b3 35. Nxb3 Rxb3 36. Rxc6 a2 {Black mates.} 37. Ra6 Ba3 38. Ra8+ Kh7 39. Bd2 a1=Q {Accuracy: White = 49%, Black = 72%.} 0-1

[Event "Stay Safe Play From Home 340"]
[Site "Emanuel Lasker Arena"]
[Date "2020.07.29"]
[Round "1"]
[White "Edmatuag"]
[Black "SoulofWolf"]
[Result "0-1"]
[WhiteElo "1675"]
[BlackElo "2107"]
[Annotator "TA"]
[PlyCount "82"]
[EventDate "2020.07.29"]
[EventType "swiss (blitz)"]

{[%evp 9,82,-27,-4,-37,-22,-41,40,-97,-81,-96,-79,-237,-93,-129,-19,-8,173,163,197,135,157,74,163,87,127,94,114,0,0,0,0,-35,-23,-106,-56,-359,-352,-343,-349,-1769,-399,-361,-339,-832,-832,-1000,-989,-876,-751,-29987,-29988,-29992,-2466,-29989,-29990,-29991,-29992,-29992,-29992,-29997,-29994,-29994,-29995,-29995,-29992,-29993,-29993,-29993,-29994,-29995,-29996,-29996,-29996,-29996,-29996]} 1. d3 c5 2. c3 e5 3. Nd2 ({Predecessor:} 3. a3 Nf6 4. Bg5 Be7 5. Nf3 d6 6. e3 Qb6 7. b4 Bg4 8. Be2 Nbd7 9. Nbd2 h6 10. Bxf6 Bxf6 {½-½ (19) Seehaus,B (2091)-Bittner,P (1934) Frankfurt 2012}) 3... Nc6 4. Qc2 f5 5. e4 Nf6 6. g3 {A00: Irregular Openings.} d5 7. Bg2 {[#]} Be7 (7... c4 $1 $15 {[%mdl 512]} 8. exd5 (8. dxc4 dxe4) 8... cxd3 9. Qxd3 e4) 8. Ne2 (8. exd5 $14 Nxd5 9. Ngf3) 8... Be6 9. O-O O-O 10. Nb3 $2 (10. exd5 $17 Bxd5 11. f3) 10... Qc7 (10... c4 $19 {has better winning chances.} 11. dxc4 dxc4 12. exf5 cxb3 13. axb3 Bf7) 11. Bg5 {Hoping for Bxf6.} d4 (11... c4 $17 12. dxc4 dxe4) 12. Bxf6 Bxf6 $2 (12... gxf6 $11 {and Black is okay.} 13. f4 Rac8) 13. Nxc5 $18 Bc8 14. exf5 (14. cxd4 $18 Nxd4 15. Nxd4 exd4 16. Rfc1) 14... Bxf5 15. Ne4 (15. cxd4 $142 Kh8 16. Rfc1) 15... Be7 (15... dxc3 $16 {might work better.} 16. bxc3 (16. N2xc3 Nd4 $14) 16... Kh8) 16. c4 (16. cxd4 $18 {Threatens to win with d5.} Qd7 17. Qb3+ Kh8 18. dxe5) 16... h6 17. a3 a5 18. b4 (18. f4 $16) 18... axb4 $11 19. axb4 Nxb4 20. Qb3 {Black must now prevent Rxa8.} Be6 21. f4 (21. Rxa8 $11 {keeps the balance.} Rxa8 22. Rb1) 21... b5 {...Rxa1 is the strong threat. Black continues to play with concentration.} 22. f5 $2 {[%mdl 8192]} (22. Rxa8 $15 Rxa8 23. Ng5 hxg5 24. Bxa8) 22... bxc4 $19 23. dxc4 Bxc4 24. Qc2 $2 (24. Rac1 Rac8 25. Qf3) 24... Rac8 $2 (24... Nxc2 25. Rxa8 Rxa8) 25. Qd2 Qb6 {Strongly threatening ...d3+.} 26. Rab1 $2 (26. Kh1) 26... d3+ {[%mdl 64] Discovered Attack} 27. Kh1 dxe2 28. Rfe1 Rfd8 29. Qxb4 Bxb4 30. g4 Qa5 (30... Bxe1 $142 31. Rxe1 {[#]} Qb1 $1 {[%mdl 512]} 32. h3 Qxe1+ 33. Kh2 Rd1 34. h4 Qxh4+ {[%mdl 64] Double Attack} 35. Bh3 e1=Q 36. Nf6+ gxf6 37. Kg2 Qh1#) 31. Rxe2 Bxe2 {Black mates.} 32. f6 Bd3 33. f7+ Kxf7 34. Rb3 Bxe4 35. Bxe4 Rd1+ 36. Kg2 Kf8 37. Kg3 Qa2 38. Rf3+ Ke7 39. Bd5 Rg1+ 40. Kh4 Qxd5 41. Rg3 {[#]} Kd7 $1 {Accuracy: White = 21%, Black = 42%.} 0-1

[Event "Stay Safe Play From Home 340"]
[Site "Emanuel Lasker Arena"]
[Date "2020.07.29"]
[Round "1"]
[White "Haris kollari 13"]
[Black "Little champs"]
[Result "1-0"]
[WhiteElo "1612"]
[BlackElo "2232"]
[Annotator "NA"]
[PlyCount "75"]
[EventDate "2020.07.29"]
[EventType "swiss (blitz)"]

1. e4 {[%emt 0:00:01]} e6 {[%emt 0:00:00]} 2. Nf3 {[%emt 0:00:00]} d5 {[%emt 0:00:00]} 3. exd5 {[%emt 0:00:01]} exd5 {[%emt 0:00:00]} 4. d4 {[%emt 0:00:00]} Bd6 {[%emt 0:00:00]} 5. c3 {[%emt 0:00:00]} Ne7 {[%emt 0:00:00]} 6. Be3 {[%emt 0:00:01]} O-O {[%emt 0:00:00]} 7. Qd2 {[%emt 0:00:00]} b6 {[%emt 0:00:00]} 8. Bd3 {[%emt 0:00:01]} c5 {[%emt 0:00:00]} 9. b3 {[%emt 0:00:02]} Bf5 {[%emt 0:00:01]} 10. O-O {[%emt 0:00:03]} Re8 {[%emt 0:00:01]} 11. Re1 {[%emt 0:00:01]} Qd7 {[%emt 0:00:01]} 12. Bg5 {[%emt 0:00:01]} Nbc6 {[%emt 0:00:01]} 13. Qc2 {[%emt 0:00:02]} Bxd3 {[%emt 0:00:01]} 14. Qxd3 {[%emt 0:00:02]} Rac8 {[%emt 0:00:01]} 15. Nbd2 {[%emt 0:00:03]} cxd4 {[%emt 0:00:01]} 16. cxd4 {[%emt 0:00:01]} Nb4 {[%emt 0:00:01]} 17. Qb1 {[%emt 0:00:01]} Nc2 {[%emt 0:00:01]} 18. Rc1 {[%emt 0:00:04]} Nxa1 {[%emt 0:00:01]} 19. Rxc8 {[%emt 0:00:01]} Nxc8 {[%emt 0:00:01]} 20. Qxa1 {[%emt 0:00:00]} h6 {[%emt 0:00:04]} 21. Bh4 {[%emt 0:00:02]} Qc7 {[%emt 0:00:02]} 22. Bg3 {[%emt 0:00:02]} Bxg3 {[%emt 0:00:01]} 23. hxg3 {[%emt 0:00:01]} Qc2 {[%emt 0:00:01]} 24. Nf1 {[%emt 0:00:03]} Re2 {[%emt 0:00:02]} 25. Ne5 {[%emt 0:00:07]} Rxf2 {[%emt 0:00:03]} 26. Ne3 {[%emt 0:00:01]} Qe2 {[%emt 0:00:01]} 27. N5g4 {[%emt 0:00:03]} Qxa2 {[%emt 0:00:07]} 28. Qc3 {[%emt 0:00:04]} Nd6 {[%emt 0:00:12]} 29. Nxf2 {[%emt 0:00:02]} Qxf2+ {[%emt 0:00:01]} 30. Kxf2 {[%emt 0:00:01]} Ne4+ {[%emt 0:00:00]} 31. Kf3 {[%emt 0:00:01]} Nxc3 {[%emt 0:00:00]} 32. Kf4 {[%emt 0:00:02]} f6 {[%emt 0:00:13]} 33. Kf5 {[%emt 0:00:01]} Kf7 {[%emt 0:00:00]} 34. g4 {[%emt 0:00:00]} g6+ {[%emt 0:00:00]} 35. Kf4 {[%emt 0:00:01]} Ke6 {[%emt 0:00:00]} 36. Nc2 {[%emt 0:00:01]} b5 {[%emt 0:00:02]} 37. Nb4 {[%emt 0:00:01]} Ne2+ {[%emt 0:00:01]} 38. Ke3 {[%emt 0:00:01] Time} 1-0

[Event "Stay Safe Play From Home 340"]
[Site "Emanuel Lasker Arena"]
[Date "2020.07.29"]
[Round "2"]
[White "Lamborghini"]
[Black "Haris kollari 13"]
[Result "1-0"]
[WhiteElo "2268"]
[BlackElo "1645"]
[Annotator "NA"]
[PlyCount "123"]
[EventDate "2020.07.29"]
[EventType "swiss (blitz)"]

1. e4 {[%emt 0:00:02]} e6 {[%emt 0:00:00]} 2. d3 {[%emt 0:00:01]} d5 {[%emt 0:00:00]} 3. Nd2 {[%emt 0:00:00]} d4 {[%emt 0:00:01]} 4. Ngf3 {[%emt 0:00:01]} c5 {[%emt 0:00:01]} 5. g3 {[%emt 0:00:00]} Nc6 {[%emt 0:00:01]} 6. Bg2 {[%emt 0:00:00]} e5 {[%emt 0:00:01]} 7. O-O {[%emt 0:00:00]} f6 {[%emt 0:00:00]} 8. Ne1 {[%emt 0:00:00]} Be6 {[%emt 0:00:01]} 9. f4 {[%emt 0:00:01]} Bd6 {[%emt 0:00:00]} 10. f5 {[%emt 0:00:01]} Bf7 {[%emt 0:00:01]} 11. g4 {[%emt 0:00:01]} Qd7 {[%emt 0:00:01]} 12. Ndf3 {[%emt 0:00:01]} Nge7 {[%emt 0:00:01]} 13. c4 {[%emt 0:00:01]} O-O-O {[%emt 0:00:01]} 14. a3 {[%emt 0:00:01]} Rdf8 {[%emt 0:00:01]} 15. Bd2 {[%emt 0:00:01]} a5 {[%emt 0:00:01]} 16. Nc2 {[%emt 0:00:03]} b6 {[%emt 0:00:01]} 17. b4 {[%emt 0:00:01]} cxb4 {[%emt 0:00:02]} 18. axb4 {[%emt 0:00:01]} axb4 {[%emt 0:00:01]} 19. Rb1 {[%emt 0:00:02]} g6 {[%emt 0:00:02]} 20. Nxb4 {[%emt 0:00:01]} Nxb4 {[%emt 0:00:01]} 21. Bxb4 {[%emt 0:00:00]} Bc5 {[%emt 0:00:01]} 22. Bxc5 {[%emt 0:00:01]} bxc5 {[%emt 0:00:01]} 23. Rb5 {[%emt 0:00:00]} Qc6 {[%emt 0:00:02]} 24. Qb3 {[%emt 0:00:01]} Kd7 {[%emt 0:00:05]} 25. g5 {[%emt 0:00:01]} fxg5 {[%emt 0:00:02]} 26. Nxe5+ {[%emt 0:00:01]} Kd6 {[%emt 0:00:02]} 27. Nxc6 {[%emt 0:00:02]} Nxc6 {[%emt 0:00:00]} 28. Rb6 {[%emt 0:00:04]} gxf5 {[%emt 0:00:01]} 29. e5+ {[%emt 0:00:01]} Kxe5 {[%emt 0:00:02]} 30. Rxc6 {[%emt 0:00:01]} Be6 {[%emt 0:00:03]} 31. Rxc5+ {[%emt 0:00:01]} Kf6 {[%emt 0:00:01]} 32. Rcxf5+ {[%emt 0:00:03]} Bxf5 {[%emt 0:00:02]} 33. Qb6+ {[%emt 0:00:00]} Kg7 {[%emt 0:00:03]} 34. Rxf5 {[%emt 0:00:01]} Rxf5 {[%emt 0:00:01]} 35. Qxd4+ {[%emt 0:00:00]} Kg8 {[%emt 0:00:02]} 36. Bd5+ {[%emt 0:00:01]} Rxd5 {[%emt 0:00:01]} 37. Qxd5+ {[%emt 0:00:02]} Kg7 {[%emt 0:00:01]} 38. Qxg5+ {[%emt 0:00:01]} Kf7 {[%emt 0:00:01]} 39. Qd5+ {[%emt 0:00:01]} Ke7 {[%emt 0:00:01]} 40. Qe5+ {[%emt 0:00:01]} Kd7 {[%emt 0:00:02]} 41. Qxh8 {[%emt 0:00:00]} Kc6 {[%emt 0:00:00]} 42. Qd4 {[%emt 0:00:01]} Kc7 {[%emt 0:00:02]} 43. Kf2 {[%emt 0:00:00]} h5 {[%emt 0:00:01]} 44. Ke3 {[%emt 0:00:00]} h4 {[%emt 0:00:00]} 45. Kf4 {[%emt 0:00:00]} h3 {[%emt 0:00:00]} 46. Ke5 {[%emt 0:00:00]} Kc6 {[%emt 0:00:01]} 47. Kf6 {[%emt 0:00:01]} Kc7 {[%emt 0:00:01]} 48. Kg7 {[%emt 0:00:00]} Kc6 {[%emt 0:00:00]} 49. Kh8 {[%emt 0:00:00]} Kc7 {[%emt 0:00:00]} 50. Kh7 {[%emt 0:00:00]} Kc6 {[%emt 0:00:00]} 51. Kh6 {[%emt 0:00:00]} Kc7 {[%emt 0:00:00]} 52. Kh5 {[%emt 0:00:00]} Kc6 {[%emt 0:00:00]} 53. Kh4 {[%emt 0:00:00]} Kc7 {[%emt 0:00:00]} 54. Kg3 {[%emt 0:00:00]} Kc6 {[%emt 0:00:00]} 55. Kf2 {[%emt 0:00:00]} Kc7 {[%emt 0:00:00]} 56. Ke2 {[%emt 0:00:00]} Kc6 {[%emt 0:00:00]} 57. Kd2 {[%emt 0:00:00]} Kc7 {[%emt 0:00:00]} 58. Kc2 {[%emt 0:00:00]} Kc6 {[%emt 0:00:00]} 59. Kb2 {[%emt 0:00:00]} Kc7 {[%emt 0:00:00]} 60. Ka1 {[%emt 0:00:00]} Kc6 {[%emt 0:00:00]} 61. Qf4 {[%emt 0:00:00]} Kc5 {[%emt 0:00:01]} 62. Qe3+ {[%emt 0:00:01] Time (Lag: Av=0.40s, max=0.7s)} 1-0

[Event "Stay Safe Play From Home 340"]
[Site "Emanuel Lasker Arena"]
[Date "2020.07.29"]
[Round "2"]
[White "SoulofWolf"]
[Black "Mepe_Nika"]
[Result "0-1"]
[WhiteElo "2110"]
[BlackElo "2445"]
[Annotator "TA"]
[PlyCount "70"]
[EventDate "2020.07.29"]
[EventType "swiss (blitz)"]

{[%evp 9,70,-28,-10,-25,15,-11,0,-37,-10,-33,0,-39,-31,-41,41,33,39,-72,-62,-69,-37,-52,-50,-41,2,-87,0,-22,-20,-35,4,0,52,19,85,75,168,-39,-47,-126,-108,-123,-102,-414,-407,-614,-410,-410,-405,-400,-385,-385,-342,-445,-427,-586,-566,-1664,-1671,-29984,-29985,-29985,-29986]} 1. d4 d5 2. Nf3 Nf6 3. e3 Bf5 4. a3 e6 5. b4 a5 6. b5 {[#] D04: Colle System.} h6 $146 ({Predecessor:} 6... Be7 7. Bd3 O-O 8. Bxf5 exf5 9. O-O Nbd7 10. Qd3 Ne4 11. Nbd2 Re8 12. c4 Bf6 {1-0 (32) Jenneborg,S (1373)-Sijses,W (800) IECG email 2004}) 7. Bb2 Be7 8. Nbd2 {The position is equal.} O-O 9. Be2 c5 10. c3 cxd4 11. Nxd4 Nbd7 (11... Bh7 $15) 12. Nxf5 $14 exf5 13. Bf3 (13. c4 $14 {keeps the upper hand.}) 13... Ne4 14. O-O Ne5 15. Nxe4 dxe4 16. Be2 Bc5 17. Qb3 {[#]} (17. c4 $11 f6 18. Qc2) 17... Qb6 ({Black should try} 17... Qd2 $1 $17 {[%cal Rd2e2]} 18. c4 Qxe2 19. Bxe5 Rfd8) 18. a4 Rfd8 {Hoping for ...Bxe3!} 19. Rad1 Be7 (19... f4 $5 20. exf4 Nd3 21. Bxd3 Rxd3 $11) 20. c4 Bf6 (20... Nd7 $11) 21. Bd4 Qc7 (21... Qe6 $11 {remains equal.}) 22. c5 $16 Nd7 {[#]} (22... Rac8 $16 {was necessary.}) 23. f3 $2 (23. b6 $1 $18 {[%cal Rb6c7]} Qc8 24. Rc1) 23... Nxc5 $15 24. Qc4 (24. b6 $15 Qc6 25. Bxc5 Qxc5 26. fxe4) 24... Bxd4 $17 25. exd4 Ne6 26. Qb3 $2 {[%mdl 8192] Now White is beyond hope.} (26. Qxc7 $17 Nxc7 27. fxe4) 26... Nxd4 $19 27. Qe3 (27. Qa2 $142 e3 28. Rc1) 27... Nxe2+ 28. Qxe2 Qc5+ 29. Kh1 e3 30. g3 Re8 31. Kg2 Rad8 32. Rc1 Qb4 {White must now prevent ...Rd2!} 33. Rc4 {[#]} Rd2 $1 {[%mdl 512] ( -> ...Qxc4)} 34. Rxb4 Rxe2+ 35. Kh3 axb4 {Accuracy: White = 31%, Black = 40%.} 0-1

[Event "Stay Safe Play From Home 340"]
[Site "Emanuel Lasker Arena"]
[Date "2020.07.29"]
[Round "2"]
[White "Stefanone"]
[Black "AChessPlayer"]
[Result "1-0"]
[WhiteElo "2029"]
[BlackElo "2355"]
[Annotator "RC"]
[PlyCount "99"]
[EventDate "2020.07.29"]
[EventType "swiss (blitz)"]

1. d4 {[%emt 0:00:01]} d6 {[%emt 0:00:00]} 2. e3 {[%emt 0:00:00]} Nf6 {[%emt 0:00:00]} 3. Nf3 {[%emt 0:00:01]} Nbd7 {[%emt 0:00:00]} 4. b3 {[%emt 0:00:00]} e5 {[%emt 0:00:00]} 5. Bb2 {[%emt 0:00:00]} e4 {[%emt 0:00:02]} 6. Nfd2 {[%emt 0:00:01]} d5 {[%emt 0:00:00]} 7. Be2 {[%emt 0:00:01]} c6 {[%emt 0:00:00]} 8. O-O {[%emt 0:00:01]} Bd6 {[%emt 0:00:00]} 9. c4 {[%emt 0:00:01]} O-O {[%emt 0:00:01]} 10. cxd5 {[%emt 0:00:00]} cxd5 {[%emt 0:00:01]} 11. Nc3 {[%emt 0:00:00]} a6 {[%emt 0:00:00]} 12. f3 {[%emt 0:00:01]} exf3 {[%emt 0:00:01]} 13. Bxf3 {[%emt 0:00:00]} Nb6 {[%emt 0:00:04]} 14. Qe2 {[%emt 0:00:02]} Re8 {[%emt 0:00:01]} 15. Qf2 {[%emt 0:00:01]} Be6 {[%emt 0:00:02]} 16. Rae1 {[%emt 0:00:01]} Rc8 {[%emt 0:00:00]} 17. e4 {[%emt 0:00:01]} Bb4 {[%emt 0:00:02]} 18. Rc1 {[%emt 0:00:02]} Qd7 {[%emt 0:00:07]} 19. e5 {[%emt 0:00:01]} Ng4 {[%emt 0:00:02]} 20. Bxg4 {[%emt 0:00:01]} Bxg4 {[%emt 0:00:00]} 21. Nf3 {[%emt 0:00:02]} Be6 {[%emt 0:00:01]} 22. a3 {[%emt 0:00:01]} Bf8 {[%emt 0:00:02]} 23. b4 {[%emt 0:00:01]} h6 {[%emt 0:00:01]} 24. Qc2 {[%emt 0:00:03]} Nc4 {[%emt 0:00:01]} 25. Qb3 {[%emt 0:00:01]} b6 {[%emt 0:00:03]} 26. Na4 {[%emt 0:00:01]} b5 {[%emt 0:00:01]} 27. Nc5 {[%emt 0:00:01]} Qc6 {[%emt 0:00:02]} 28. Qd3 {[%emt 0:00:02]} g6 {[%emt 0:00:01]} 29. Qe2 {[%emt 0:00:03]} Bg7 {[%emt 0:00:01]} 30. Bc3 {[%emt 0:00:01]} Bf5 {[%emt 0:00:01]} 31. Nh4 {[%emt 0:00:01]} Be6 {[%emt 0:00:01]} 32. h3 {[%emt 0:00:01]} Nxa3 {[%emt 0:00:01]} 33. g4 {[%emt 0:00:01]} Nc4 {[%emt 0:00:01]} 34. Qf2 {[%emt 0:00:01]} Re7 {[%emt 0:00:01]} 35. Nf3 {[%emt 0:00:01]} Ra8 {[%emt 0:00:02]} 36. Qg3 {[%emt 0:00:01]} g5 {[%emt 0:00:01]} 37. h4 {[%emt 0:00:01]} a5 {[%emt 0:00:00]} 38. hxg5 {[%emt 0:00:01]} axb4 {[%emt 0:00:01]} 39. Bxb4 {[%emt 0:00:01]} hxg5 {[%emt 0:00:00]} 40. Nxg5 {[%emt 0:00:01]} Rea7 {[%emt 0:00:00]} 41. Qh4 {[%emt 0:00:02]} Ne3 {[%emt 0:00:01]} 42. Qh7+ {[%emt 0:00:01]} Kf8 {[%emt 0:00:00]} 43. Ngxe6+ {[%emt 0:00:00]} Ke8 {[%emt 0:00:01]} 44. Nxg7+ {[%emt 0:00:02]} Kd8 {[%emt 0:00:01]} 45. e6 {[%emt 0:00:02]} Nxf1 {[%emt 0:00:01]} 46. exf7 {[%emt 0:00:02]} Rxf7 {[%emt 0:00:02]} 47. Nge6+ {[%emt 0:00:00]} Qxe6 {[%emt 0:00:01]} 48. Nxe6+ {[%emt 0:00:01]} Ke8 {[%emt 0:00:00]} 49. Qg8+ {[%emt 0:00:01]} Kd7 {[%emt 0:00:00]} 50. Qxf7# {[%emt 0:00:01] (Lag: Av=0.60s, max=1.3s)} 1-0

[Event "Stay Safe Play From Home 340"]
[Site "Emanuel Lasker Arena"]
[Date "2020.07.29"]
[Round "2"]
[White "buzaglo"]
[Black "Edmatuag"]
[Result "0-1"]
[WhiteElo "1852"]
[BlackElo "1673"]
[Annotator "NA RC"]
[PlyCount "88"]
[EventDate "2020.07.29"]
[EventType "swiss (blitz)"]

1. d4 {[%emt 0:00:01]} d6 {[%emt 0:00:01]} 2. Nf3 {[%emt 0:00:00]} c6 {[%emt 0:00:00]} 3. g3 {[%emt 0:00:00]} Nd7 {[%emt 0:00:01]} 4. Bg2 {[%emt 0:00:00]} Qc7 {[%emt 0:00:00]} 5. O-O {[%emt 0:00:00]} e5 {[%emt 0:00:00]} 6. c4 {[%emt 0:00:00]} g6 {[%emt 0:00:01]} 7. dxe5 {[%emt 0:00:01]} dxe5 {[%emt 0:00:02]} 8. Nc3 {[%emt 0:00:02]} Bg7 {[%emt 0:00:01]} 9. Ne4 {[%emt 0:00:02]} Ne7 {[%emt 0:00:02]} 10. Nd6+ {[%emt 0:00:01]} Kf8 {[%emt 0:00:01]} 11. c5 {[%emt 0:00:03]} Nxc5 {[%emt 0:00:03]} 12. Nxc8 {[%emt 0:00:01]} Rxc8 {[%emt 0:00:02]} 13. Qc2 {[%emt 0:00:02]} Ne6 {[%emt 0:00:01]} 14. Rd1 {[%emt 0:00:04]} Bf6 {[%emt 0:00:02]} 15. Bh6+ {[%emt 0:00:02]} Bg7 {[%emt 0:00:03]} 16. Bd2 {[%emt 0:00:02]} Bf6 {[%emt 0:00:01]} 17. a4 {[%emt 0:00:07]} Kg7 {[%emt 0:00:01]} 18. h4 {[%emt 0:00:00]} Rhd8 {[%emt 0:00:02]} 19. h5 {[%emt 0:00:01]} h6 {[%emt 0:00:01]} 20. hxg6 {[%emt 0:00:01]} fxg6 {[%emt 0:00:00]} 21. Nh4 {[%emt 0:00:02]} Nd4 {[%emt 0:00:03]} 22. Qe4 {[%emt 0:00:06]} Bxh4 {[%emt 0:00:01]} 23. Qxh4 {[%emt 0:00:02]} Nxe2+ {[%emt 0:00:03]} 24. Kh2 {[%emt 0:00:01]} Nf5 {[%emt 0:00:02]} 25. Qg4 {[%emt 0:00:03]} Ned4 {[%emt 0:00:03]} 26. Bc3 {[%emt 0:00:02]} Qf7 {[%emt 0:00:02]} 27. Bxd4 {[%emt 0:00:02]} exd4 {[%emt 0:00:01]} 28. f4 {[%emt 0:00:02]} d3 {[%emt 0:00:01]} 29. Rd2 {[%emt 0:00:01]} Ne3 {[%emt 0:00:01]} 30. Bf3 {[%emt 0:00:01]} Nxg4+ {[%emt 0:00:01]} 31. Bxg4 {[%emt 0:00:01]} Qd5 {[%emt 0:00:00]} 32. Rf1 {[%emt 0:00:03]} c5 {[%emt 0:00:01]} 33. Bf3 {[%emt 0:00:01]} Qf5 {[%emt 0:00:01]} 34. g4 {[%emt 0:00:01]} Qxf4+ {[%emt 0:00:01]} 35. Kg2 {[%emt 0:00:01]} Qxd2+ {[%emt 0:00:00]} 36. Rf2 {[%emt 0:00:01]} Qxf2+ {[%emt 0:00:00]} 37. Kxf2 {[%emt 0:00:01]} d2 {[%emt 0:00:00]} 38. Kg3 {[%emt 0:00:00]} d1=Q {[%emt 0:00:01]} 39. Bxd1 {[%emt 0:00:00]} Rxd1 {[%emt 0:00:01]} 40. Kf4 {[%emt 0:00:00]} Re8 {[%emt 0:00:00]} 41. g5 {[%emt 0:00:00]} Rf1+ {[%emt 0:00:01]} 42. Kg3 {[%emt 0:00:01]} hxg5 {[%emt 0:00:00]} 43. b4 {[%emt 0:00:01]} Ref8 {[%emt 0:00:01]} 44. b5 {[%emt 0:00:00]} R8f4 {[%emt 0:00:01] Time (Lag: Av=0.91s, max=3.8s)} 0-1